[Event "Ramat Gan op"]
[Site "Ramat Gan"]
[Date "2023.03.20"]
[Round "7"]
[White "Neumann, Amit"]
[Black "Weber, Yonatan"]
[Result "1-0"]
[WhiteElo "1615"]
[BlackElo "1527"]
[PlyCount "85"]
[EventDate "2023.01.16"]
[EventType "swiss"]
[EventRounds "7"]
[EventCountry "ISR"]
[SourceTitle "CBM 213 Extra"]
[Source "ChessBase"]
[SourceDate "2023.05.31"]
[SourceVersion "1"]
[SourceVersionDate "2023.05.31"]
[SourceQuality "1"]

1. e4 c5 2. Nf3 Nc6 3. c3 Nf6 4. e5 Nd5 5. d4 cxd4 6. Bc4 Nb6 7. Bb3 g6 8. 0-0 Bg7 9. cxd4 0-0 10. Bf4 d6 11. exd6 Bg4 12. Re1 exd6 13. h3 Bxf3 14. Qxf3 Bxd4 15. Nc3 Bg7 16. Rad1 Re8 17. Bxf7+ Kxf7 18. Bg5+ Bf6 19. Rxe8 Qxe8 20. Qxf6+ Kg8 21. Qxd6 h6 22. Bf6 Qf7 23. Ne4 Re8 24. f3 Re6 25. Qf4 Kh7 26. Qh4 Kg8 27. Bc3 Qf8 28. Nf6+ Kf7 29. Qf4 g5 30. Qf5 Ne7 31. Qg4 Rxf6 32. Bxf6 Kxf6 33. Rd6+ Kg7 34. Qd4+ Kh7 35. Rd8 Qg7 36. Qe4+ Ng6 37. Rb8 Qf6 38. Qxb7+ Ne7 39. Qe4+ Ng6 40. Rb7+ Kg8 41. Rxa7 Qd6 42. Qe8+ Nf8 43. Qe4 1-0

[Event "Ramat Gan Purim Rapid op"]
[Site "Ramat Gan"]
[Date "2023.03.06"]
[Round "2"]
[White "Neumann, Amit"]
[Black "Bercovici, Yaniv"]
[Result "1-0"]
[WhiteElo "1619"]
[BlackElo "1680"]
[PlyCount "99"]
[EventDate "2023.03.06"]
[EventType "swiss (rapid)"]
[EventRounds "5"]
[EventCountry "ISR"]
[SourceTitle "CBM 213 Extra"]
[Source "ChessBase"]
[SourceDate "2023.05.31"]
[SourceVersion "1"]
[SourceVersionDate "2023.05.31"]
[SourceQuality "1"]

1. e4 c5 2. b3 Nc6 3. Bb2 Nf6 4. d3 g6 5. Nd2 Bg7 6. f4 0-0 7. Ngf3 d6 8. Be2 b5 9. d4 Ng4 10. Nf1 cxd4 11. Bxb5 Qa5+ 12. Qd2 Qxb5 13. Nxd4 Nxd4 14. Bxd4 Bxd4 15. Qxd4 Qc5 16. Qxc5 dxc5 17. e5 Bb7 18. h3 Bxg2 19. Rg1 Bxf1 20. hxg4 Ba6 21. 0-0-0 Rfd8 22. Rde1 Rd4 23. f5 Rad8 24. e6 f6 25. Re3 Bb7 26. Rc3 R8d5 27. Rh3 Re5 28. c3 Rde4 29. Rd3 Bc6 30. Rd8+ Kg7 31. Rc8 Bb5 32. c4 Ba6 33. Rc6 Bxc4 34. bxc4 Rxc4+ 35. Kb2 Re2+ 36. Kb3 Rb4+ 37. Kc3 Re3+ 38. Kc2 Ra3 39. Rc7 Rxa2+ 40. Kc3 Ra3+ 41. Kc2 Kf8 42. Rh1 Rxg4 43. Rxh7 Rg2+ 44. Kb1 Rb3+ 45. Kc1 Kg8 46. Rhxe7 Rb8 47. Rg7+ Kh8 48. Rh7+ Kg8 49. Rcg7+ Kf8 50. e7+ 1-0

[Event "Ramat Gan op"]
[Site "Ramat Gan"]
[Date "2023.02.20"]
[Round "5"]
[White "Neumann, Amit"]
[Black "Hasson Shreger, Shalev"]
[Result "0-1"]
[WhiteElo "1615"]
[BlackElo "1823"]
[PlyCount "35"]
[EventDate "2023.01.16"]
[EventType "swiss"]
[EventRounds "7"]
[EventCountry "ISR"]
[SourceTitle "CBM 213 Extra"]
[Source "ChessBase"]
[SourceDate "2023.05.31"]
[SourceVersion "1"]
[SourceVersionDate "2023.05.31"]
[SourceQuality "1"]

1. f4 d5 2. Nf3 Nf6 3. b3 c5 4. e3 e6 5. Bb2 Be7 6. Be2 0-0 7. 0-0 Nc6 8. Ne5 Nd7 9. Bd3 Ndxe5 10. fxe5 d4 11. exd4 cxd4 12. Qe2 g6 13. Be4 Bc5 14. d3 Nxe5 15. Bxb7 Bxb7 16. Qxe5 Rc8 17. Rf4 Bd6 18. Qxd4 0-1